| LEADER 00000nam 2200000uu 4500 |
| 001 13399107876 |
| 003 ULIB |
| 008 101021s2551||||th 000 0 tha d |
| 060 04 ^aWA31^bย538ว 2551
|
| 100 0 ^aเยาวดี สุวรรณนาคะ
|
| 245 10 ^aวัฒนธรรมกับสุขภาพ /^cเยาวดี สุวรรณนาคะ
|
| 250 ^aพิมพ์ครั้งที่ 1
|
| 260 ^aสุรินทร์ :^bวิทยาลัยพยาบาลบรมราชชนนี สุรินทร์,^c2551
|
| 300 ^a41 แผ่น
|
| 520 ^aหนังสือเล่มนี้เสนอเนื้อหาแนวคิดเกี่ยวกับวัฒนธรรม วัฒนธรรมความเชื่อที่เกี่ยวกับพฤติกรรมสุขภาพอนามัยและความเจ็บป่วย และวัฒนธรรมกับสุขภาพ อาทิเช่น ความเชื่อเกี่ยวกับสาเหตุของการเกิดโรคและความเจ็บป่วย ความเชื่อเกี่ยวกับพฤติกรรมการรักษาโรค การป้องกันโรคและการบริโภคนิสัย
|
| 650 7 ^aวัฒนธรรม^xแง่สุขภาพและอนามัย
|
| 650 7 ^aการแพทย์กับสังคม
|
| 650 7 ^aการแพทย์^xแง่สังคม
|
| 650 7 ^aการแพทย์แผนโบราณ
|
| 650 7 ^aการรักษาโรค^xพิธีกรรม
|
| 650 7 ^aสุขภาพ
|
| 710 1 ^aวิทยาลัยพยาบาลบรมราชชนนี สุรินทร์
|
| 999 ^aสุณิสา
|